000 00601nam a2200193Ia 4500
003 GCL
008 140319s9999 xx 000 0 ara d
040 _aGCL /
_cGCL
082 0 4 _a811.094
_bم ص
100 1 _aلويس عوض
245 1 0 _aصور من معرض من تاريخ الموسيقى اللامقامية: دراما رمزية /
_cلويس عوض
700 1 _aمحمد احمد الجوادى
300 _a55 ص
490 _aكتاب
_v0
650 0 4 _aالادب
650 0 4 _aتاريخ ونقد
650 0 4 _aالشعر العربى - العصر الحديث
942 _2ddc
_cBK
999 _c41167
_d41167